| 000 | 00433nam a2200145Ia 4500 | ||
|---|---|---|---|
| 008 | 210210b2005 xxu||||| |||| 00| 0 eng d | ||
| 082 | _a310.954 ROYS | ||
| 100 | _aROY (Siddhartha) and KATOTI (R G). eds. | ||
| 245 | _aStastistical outline of India 2004-2005. | ||
| 260 |
_aMumbai _bTata Services Limited _c2005 |
||
| 300 | _axxii,296 | ||
| 650 | _aStatistical Outline India | ||
| 690 | _aMathematical Statistics | ||
| 906 | _a060510 | ||
| 999 |
_c107074 _d107074 |
||